MARC details
| 000 -LEADER |
| fixed length control field |
01587cam a2200433Ma 4500 |
| 001 - CONTROL NUMBER |
| control field |
ocn752070342 |
| 003 - CONTROL NUMBER IDENTIFIER |
| control field |
TZ-ArACH |
| 005 - DATE AND TIME OF LATEST TRANSACTION |
| control field |
20130110145222.0 |
| 008 - FIXED-LENGTH DATA ELEMENTS--GENERAL INFORMATION |
| fixed length control field |
070627s2011 fr 000 0 fre d |
| 016 7# - NATIONAL BIBLIOGRAPHIC AGENCY CONTROL NUMBER |
| Record control number |
FRBNF42431116000000X |
| Source |
FrPBN |
| 020 ## - INTERNATIONAL STANDARD BOOK NUMBER |
| International Standard Book Number |
9782100558513 |
| 020 ## - INTERNATIONAL STANDARD BOOK NUMBER |
| International Standard Book Number |
210055851X |
| 035 ## - SYSTEM CONTROL NUMBER |
| System control number |
(OCoLC)752070342 |
| 040 ## - CATALOGING SOURCE |
| Original cataloging agency |
OTZ |
| Language of cataloging |
fre |
| Transcribing agency |
TZ-ArACH |
| Modifying agency |
ZWZ |
| -- |
BDF |
| -- |
UQ1 |
| 041 ## - LANGUAGE CODE |
| Language code of text/sound track or separate title |
Fre |
| 049 ## - LOCAL HOLDINGS (OCLC) |
| Holding library |
TZAA |
| 050 #4 - LIBRARY OF CONGRESS CALL NUMBER |
| Classification number |
KD662 |
| Item number |
.S463 |
| 082 14 - DEWEY DECIMAL CLASSIFICATION NUMBER |
| Classification number |
349.152 1 |
| Edition number |
22 |
| 100 1# - MAIN ENTRY--PERSONAL NAME |
| Personal name |
Séroussi, Roland. |
| 9 (RLIN) |
7456 |
| 245 10 - TITLE STATEMENT |
| Title |
Introduction aux droits anglais et américain / |
| Statement of responsibility, etc |
Roland Séroussi. |
| 250 ## - EDITION STATEMENT |
| Edition statement |
5e éd. |
| 260 ## - PUBLICATION, DISTRIBUTION, ETC. (IMPRINT) |
| Place of publication, distribution, etc |
Paris : |
| Name of publisher, distributor, etc |
Dunod, |
| Date of publication, distribution, etc |
2011. |
| 300 ## - PHYSICAL DESCRIPTION |
| Extent |
xi, 220 p. ; |
| Dimensions |
25 cm. |
| 490 0# - SERIES STATEMENT |
| Series statement |
Management sup. Droit pour l'entreprise |
| 650 #6 - SUBJECT ADDED ENTRY--TOPICAL TERM |
| Topical term or geographic name as entry element |
Droit |
| Geographic subdivision |
Grande-Bretagne. |
| 9 (RLIN) |
7457 |
| 650 #6 - SUBJECT ADDED ENTRY--TOPICAL TERM |
| Topical term or geographic name as entry element |
Law |
| Geographic subdivision |
Great Britain |
| 9 (RLIN) |
7458 |
| 650 #6 - SUBJECT ADDED ENTRY--TOPICAL TERM |
| Topical term or geographic name as entry element |
Law |
| Geographic subdivision |
United States |
| 9 (RLIN) |
7459 |
| 650 #7 - SUBJECT ADDED ENTRY--TOPICAL TERM |
| Topical term or geographic name as entry element |
Common law. |
| Source of heading or term |
ram |
| 9 (RLIN) |
7460 |
| 650 #7 - SUBJECT ADDED ENTRY--TOPICAL TERM |
| Topical term or geographic name as entry element |
Droit |
| Geographic subdivision |
Grande-Bretagne |
| General subdivision |
Manuels d'enseignement supérieur. |
| Source of heading or term |
ram |
| 9 (RLIN) |
7461 |
| 650 #7 - SUBJECT ADDED ENTRY--TOPICAL TERM |
| Topical term or geographic name as entry element |
Droit |
| Geographic subdivision |
États-Unis |
| General subdivision |
Manuels d'enseignement supérieur. |
| Source of heading or term |
ram |
| 9 (RLIN) |
7462 |
| 650 17 - SUBJECT ADDED ENTRY--TOPICAL TERM |
| Topical term or geographic name as entry element |
Common law. |
| Source of heading or term |
rasuqam |
| 9 (RLIN) |
7463 |
| 650 #7 - SUBJECT ADDED ENTRY--TOPICAL TERM |
| Topical term or geographic name as entry element |
Droit. |
| Source of heading or term |
rasuqam |
| 9 (RLIN) |
7464 |
| 650 #7 - SUBJECT ADDED ENTRY--TOPICAL TERM |
| Topical term or geographic name as entry element |
Droit comparé. |
| Source of heading or term |
rasuqam |
| 9 (RLIN) |
7465 |
| 651 #7 - SUBJECT ADDED ENTRY--GEOGRAPHIC NAME |
| Geographic name |
États-Unis. |
| Source of heading or term |
rasuqam |
| 9 (RLIN) |
7466 |
| 651 #7 - SUBJECT ADDED ENTRY--GEOGRAPHIC NAME |
| Geographic name |
Grande-Bretagne. |
| Source of heading or term |
rasuqam |
| 9 (RLIN) |
7467 |
| 856 42 - ELECTRONIC LOCATION AND ACCESS |
| Materials specified |
Notice et cote du catalogue de la Bibliothèque nationale de France |
| Uniform Resource Identifier |
<a href="http://catalogue.bnf.fr/ark:/12148/cb42431116z">http://catalogue.bnf.fr/ark:/12148/cb42431116z</a> |
| 942 ## - ADDED ENTRY ELEMENTS (KOHA) |
| Source of classification or shelving scheme |
Library of Congress Classification |
| Koha item type |
Books |